Personnel management in government : (Record no. 343658)

000 -LEADER
fixed length control field 01479 a2200253 4500
020 ## - INTERNATIONAL STANDARD BOOK NUMBER
International Standard Book Number 0824785908
020 ## - INTERNATIONAL STANDARD BOOK NUMBER
International Standard Book Number 9780824785901
082 04 - DEWEY DECIMAL CLASSIFICATION NUMBER
Classification number 353.001
090 ## - LOCALLY ASSIGNED LC-TYPE CALL NUMBER (OCLC); LOCAL CALL NUMBER (RLIN)
-- 1128
-- 1128
100 1# - MAIN ENTRY--PERSONAL NAME
Personal name Shafritz, Jay M.
245 10 - TITLE STATEMENT
Title Personnel management in government :
Remainder of title politics and process /
Statement of responsibility, etc. Jay M. Shafritz.
250 ## - EDITION STATEMENT
Edition statement 4th Rev&Ex ed.
260 ## - PUBLICATION, DISTRIBUTION, ETC.
Place of publication, distribution, etc. [S.l.] :
Name of publisher, distributor, etc. Marcel Dekker,
Date of publication, distribution, etc. 1991.
300 ## - PHYSICAL DESCRIPTION
Extent 553 p. ;
Dimensions 23 cm.
490 1# - SERIES STATEMENT
Series statement Public administration and public policy, no 44.
500 ## - GENERAL NOTE
General note Hardcover.
520 ## - SUMMARY, ETC.
Summary, etc. Fourth Edition contains up-to-date material on affirmative action and equal opportunity case law…a new chapter on work and family issues…a new chapter on comparable worth…the latest details on the Volcker Commission findings…analysis of federal pay reform and innovative classification and compensation systems currently implemented by federal agencies…a timely discussion of constitutional and legal issues facing public personnel administration in areas such as AIDS and drug testing…new figures and tables on collective bargaining laws and trends, with state-by-state comparison
700 ## - ADDED ENTRY--PERSONAL NAME
Personal name Riccu
700 ## - ADDED ENTRY--PERSONAL NAME
Personal name Rosenbl
830 ## - SERIES ADDED ENTRY--UNIFORM TITLE
Uniform title Public administration and public p
856 ## - ELECTRONIC LOCATION AND ACCESS
Materials specified Amazon.com
Uniform Resource Identifier <a href="http://www.amazon.com/exec/obidos/ASIN/0824785908/ch">http://www.amazon.com/exec/obidos/ASIN/0824785908/ch</a>
856 ## - ELECTRONIC LOCATION AND ACCESS
Materials specified Amazon customer reviews
Uniform Resource Identifier <a href="http://www.chopac.org/cgi-bin/tools/azrev.pl">http://www.chopac.org/cgi-bin/tools/azrev.pl</a>
942 ## - ADDED ENTRY ELEMENTS (KOHA)
Institution code [OBSOLETE] NBS
Koha item type Book
Call number prefix 353.001 SHA
Holdings
Withdrawn status Lost status Damaged status Not for loan Permanent Location Current Location Date acquired Total Checkouts Full call number Barcode Date last seen Date last checked out Price effective from Koha item type
        Central Library (CL) Central Library (CL) 08/28/2013 1 353.001 SHA NBS144 11/23/2017 08/22/2017 08/28/2013 Book
© 2023 Central Library, National University of Sciences and Technology. All Rights Reserved.